| 000 | 00667nam a2200253Ia 4500 | ||
|---|---|---|---|
| 005 | 20260429112145.0 | ||
| 008 | 260429s9999||||xx |||||||||||||| ||und|| | ||
| 020 | _a9781032501956 | ||
| 041 | _aEnglish | ||
| 082 |
_a796.069 _bSKI |
||
| 100 | _aSkinner, James | ||
| 245 | 0 |
_aResearch methods for sport management / _cJames Skinner |
|
| 250 | _a2nd ed. | ||
| 260 |
_aLondon : _bRoutledge, _c2025. |
||
| 300 | _axvii, 549 p.; pbk | ||
| 650 | _a Management | ||
| 650 | _a Sports | ||
| 650 | _aResearch methods | ||
| 700 | _a Burch, Lauren M. | ||
| 700 | _a Mueller, Jacqueline | ||
| 700 | _a Read, Daniel | ||
| 700 | _a Smith, Aaron C. T. | ||
| 942 | _cTB | ||
| 999 |
_c52645 _d52645 |
||